The kumbotso teacher educator: a journal of multi-disciplinary studies (Record no. 38695)

MARC details
000 -LEADER
fixed length control field 00474nam a2200169Ia 4500
022 ## - INTERNATIONAL STANDARD SERIAL NUMBER
ISSN 15798796
050 ## - CALL MARK
Classification number LA 1630 .K86/
245 #4 - TITLE STATEMENT
Title The kumbotso teacher educator: a journal of multi-disciplinary studies
260 ## - PUBLICATION, DISTRIBUTION, ETC. (IMPRINT)
Place of publication Kano
260 ## - PUBLICATION, DISTRIBUTION, ETC. (IMPRINT)
Name of publisher Sa’adatu Rimi College of Education
260 ## - PUBLICATION, DISTRIBUTION, ETC. (IMPRINT)
Year of publication 2011
300 ## - PHYSICAL DESCRIPTION
Number of Pages i, 127 p. 25 cm.
650 ## - SUBJECT ADDED ENTRY--TOPICAL TERM
Topical Term Education--Nigeria--Periodical.
942 ## - ADDED ENTRY ELEMENTS (KOHA)
Koha item type Serials

No items available.